Interakcia štíhlej výroby a logistiky v rozvoji podniku dizertačná práca
Gespeichert in:
| 1. Verfasser: | |
|---|---|
| Körperschaft: | |
| Weitere Verfasser: | |
| Format: | Buch |
| Sprache: | Slowakisch |
| Veröffentlicht: |
Bratislava
2016
|
| Schlagworte: | |
| Tags: |
Keine Tags, Fügen Sie das erste Tag hinzu!
|
MARC
| LEADER | 00000nbm a2200000 4500 | ||
|---|---|---|---|
| 001 | 0222130 | ||
| 005 | 20240502073636.3 | ||
| 041 | 0 | |a slo | |
| 044 | |a SK | ||
| 245 | 1 | 0 | |a Interakcia štíhlej výroby a logistiky v rozvoji podniku |b dizertačná práca |c Michal Kopták ; školiteľ: Andrej Dupaľ |
| 264 | 1 | |a Bratislava |c 2016 | |
| 300 | |a 123 s. | ||
| 610 | 2 | 0 | |a výroba štíhla |
| 610 | 2 | 0 | |a logistika štíhla |
| 610 | 2 | 0 | |a manažment štíhly |
| 610 | 2 | 0 | |a logistika |
| 610 | 2 | 0 | |a rozvoj podniku |
| 610 | 2 | 0 | |a riadenie podnikové |
| 610 | 2 | 0 | |a outsourcing |
| 100 | 1 | |a Kopták, Michal | |
| 700 | 1 | |a Dupaľ, Andrej | |
| 710 | 2 | |a Fakulta podnikového manažmentu EU. Katedra manažmentu výroby a logistiky - zrušená | |